| 000 | 00383nam a2200133Ia 4500 | ||
|---|---|---|---|
| 005 | 20260328101453.0 | ||
| 008 | 260328s9999||||xx |||||||||||||| ||und|| | ||
| 100 | _aMorales B., Alejandro | ||
| 245 | 0 |
_aATK 2007 : _b Anuario de Arquitectura, Construcción, Diseño y Arte / _cAlejandro Morales B. |
|
| 260 | _bArqui | ||
| 300 | _a331 p. | ||
| 650 | _aARQUITECTURA REGIONAL | ||
| 942 | _cBK | ||
| 999 |
_c8749 _d8749 |
||